000 00486nam a2200193Ia 4500
008 240509s9999 xx 000 0 und d
020 _a812032238X
041 _aEng
082 _a658.4038
082 _bS13
100 _aSCHIESSER , R.
245 0 _aIT SYSTEMS MANAGEMENT
260 _bNEW DELHI : PRINTICE HALL
260 _c2002
300 _a487 p.
650 _aINFORMATION SYSTEMS MANAGEMENT : MIS : INFORMATION MANAGEMENT : MANAGEMENT
942 _2ddc
942 _cLBK
999 _c22247
_d22247
945 _a1
_bMadushi Gamage
_c1
_dMadushi Gamage